No Happy Ending Lyrics Quiz Stats

 Plays Quiz not verified by Sporcle

Support Sporcle.
Go Orange.
Score 0/279 Timer 20:00
0 Plays Today
% Correct
I
93.9%
I
93.9%
a
93.9%
end
90.9%
no
90.9%
happy
90.9%
end
90.9%
no
90.9%
happy
90.9%
end
90.9%
no
90.9%
No
90.9%
no
90.9%
end
90.9%
no
90.9%
happy
90.9%
and
87.9%
And
87.9%
and
87.9%
and
87.9%
ending
87.9%
and
87.9%
an
87.9%
and
87.9%
and
87.9%
and
87.9%
and
87.9%
ending
87.9%
and
87.9%
and
87.9%
and
87.9%
ending
87.9%
us
84.8%
us
84.8%
for
84.8%
The
84.8%
us
84.8%
the
84.8%
we
84.8%
For
84.8%
we
84.8%
the
84.8%
We
84.8%
The
84.8%
for
84.8%
us.
84.8%
the
84.8%
The
84.8%
the
84.8%
the
84.8%
The
84.8%
the
84.8%
we
84.8%
We
84.8%
for
84.8%
us
84.8%
So
84.8%
The
84.8%
us
84.8%
the
84.8%
for
84.8%
The
84.8%
for
84.8%
the
84.8%
we
84.8%
for
84.8%
The
84.8%
for
84.8%
us
84.8%
in
81.8%
sight
81.8%
in
81.8%
in
81.8%
in
81.8%
sight
81.8%
In
81.8%
in
81.8%
sight
81.8%
call
78.8%
call
78.8%
all
78.8%
on
78.8%
all
78.8%
All
78.8%
There’s
78.8%
There’s
78.8%
There’s
78.8%
There’s
78.8%
Some
75.8%
some
75.8%
we’re
75.8%
defeat
75.8%
my
75.8%
% Correct
We’re
75.8%
my
75.8%
my
75.8%
to
75.8%
you
75.8%
to
75.8%
to
75.8%
to
75.8%
my
75.8%
defeat
75.8%
fools
72.7%
say
72.7%
your
72.7%
hope
72.7%
your
72.7%
Listen
72.7%
people
72.7%
of
72.7%
Of
72.7%
your
72.7%
of
72.7%
your
72.7%
your
72.7%
of
72.7%
your
72.7%
your
72.7%
your
72.7%
your
72.7%
Of
72.7%
of
72.7%
your
72.7%
your
72.7%
destined
69.7%
But
69.7%
At
69.7%
can
69.7%
do
69.7%
battle
69.7%
can
69.7%
this
69.7%
battle
69.7%
hear
69.7%
war
69.7%
be
69.7%
war
69.7%
be
69.7%
be
69.7%
Be
69.7%
heroes
66.7%
if
66.7%
die
66.7%
least
66.7%
it
66.7%
feet
66.7%
learned
66.7%
from
66.7%
our
66.7%
line’s
66.7%
forlorn
66.7%
words
66.7%
voice
66.7%
with
66.7%
Now
66.7%
our
66.7%
go
66.7%
With
66.7%
Our
66.7%
our
66.7%
our
66.7%
heroes
66.7%
fear
66.7%
king
63.6%
drawn
63.6%
Prepare
63.6%
lord
63.6%
king
63.6%
tooth
63.6%
claw
63.6%
Prepare
63.6%
near
63.6%
Prepare
63.6%
must
60.6%
Have
60.6%
tyrant’s
60.6%
tutelage
60.6%
souls
60.6%
rebels
60.6%
fall.
60.6%
souls
60.6%
is
60.6%
must
60.6%
Face
60.6%
souls
60.6%
% Correct
their
57.6%
old
57.6%
his
57.6%
his
57.6%
not
57.6%
not
57.6%
retreat.
57.6%
as
54.5%
pain
54.5%
bastard’s
54.5%
reign.
54.5%
Harken
54.5%
shall
54.5%
backs
54.5%
are
54.5%
shall
54.5%
shall
54.5%
shall
54.5%
surrender,
54.5%
comes
54.5%
bitter
51.5%
sick
51.5%
regime
51.5%
beyond
51.5%
edge
51.5%
cruel
51.5%
wall,
51.5%
Stand
51.5%
damn
48.5%
eyes,
48.5%
chance,
48.5%
down
48.5%
let’s
48.5%
make
48.5%
knife
48.5%
Lay
48.5%
down
48.5%
We’ll
48.5%
ground
48.5%
fight
48.5%
Let’s
48.5%
rule
45.5%
Now’s
45.5%
choke
45.5%
cannon
45.5%
bullet
45.5%
sword
45.5%
lives
45.5%
defence
45.5%
soon
45.5%
rifles
45.5%
blades
45.5%
sun
45.5%
calls
45.5%
fail
45.5%
refuge
45.5%
them:
42.4%
blood
42.4%
fed
42.4%
what
42.4%
brutal
39.4%
up
39.4%
dead
39.4%
wolves
39.4%
reload
39.4%
price
39.4%
right
39.4%
sung
39.4%
years
39.4%
tale,
39.4%
Spill
36.4%
crimson
36.4%
flood
36.4%
whet
36.4%
sacrifice
36.4%
doing
36.4%
names
36.4%
long
36.4%
poem
36.4%
true,
36.4%
decend,
33.3%
shore
33.3%
walls
33.3%
loyal
33.3%
duty
33.3%
fallen
33.3%
untold
33.3%
bold
33.3%
pushed
30.3%
ballad
30.3%
stalwart
30.3%
midday
24.2%
INSTRUMENTAL
21.2%

You're not logged in!

Compare scores with friends on all Sporcle quizzes.
OR
Log In

From the Vault

One Word Tony Best Musicals

by Derek

When it comes to Tony's, it's not about the words, it's about the music.
Remove Ads.
Support Sporcle.
Get the best of Sporcle when you Go Orange. This ad-free experience offers more features, more stats, and more fun while also helping to support Sporcle. Thank you for becoming a member.

Show Comments

Extras

Top Quizzes Today


Score Distribution

Your Account Isn't Verified!

In order to create a playlist on Sporcle, you need to verify the email address you used during registration. Go to your Sporcle Settings to finish the process.

Report this User

Report this user for behavior that violates our Community Guidelines.

Details: